000
00517nam a2200181Ia 4500
008
090123s9999 xx 000 0 und d
082
_b
22015
100
_a
राऊत शांताराम
245
_a
बोधचिन्ह
250
_a
1
260
_b
फुलराणी
_c
1993
300
_a
58
600
_a
राऊत शांताराम
630
_a
बोधचिन्ह
700
_a
राऊत शांताराम
730
_a
बोधचिन्ह
942
_c
BOOK
999
_c
60087
_d
60087